[Event "World Chess Olympiad 2018"]
[Site "Batumi"]
[Date "2018.10.04"]
[Round "10"]
[Board "1"]
[WhiteFideId "6501311"]
[White "Duran Vega Sergio"]
[BlackFideId "3508684"]
[Black "Sanchez Alvarez Roberto Carlos"]
[Result "1/2-1/2"]
[LiveChessVersion "1.4.8"]
[BlackElo "2391"]
[WhiteElo "2401"]

1. d4 {[%clk 1:30:52]} Nf6 {[%clk 1:30:48]} 2. c4 {[%clk 1:31:13]} e6
{[%clk 1:31:14]} 3. Nf3 {[%clk 1:30:56]} d5 {[%clk 1:31:00]} 4. g3
{[%clk 1:31:06]} dxc4 {[%clk 1:31:23]} 5. Bg2 {[%clk 1:31:27]} c6
{[%clk 1:31:48]} 6. a4 {[%clk 1:30:16]} Bb4+ {[%clk 1:32:09]} 7. Bd2
{[%clk 1:30:25]} a5 {[%clk 1:32:29]} 8. Qc2 {[%clk 1:30:20]} Bxd2+
{[%clk 1:29:15]} 9. Qxd2 {[%clk 1:30:46]} Ne4 {[%clk 1:29:31]} 10. Qf4
{[%clk 1:26:18]} Nf6 {[%clk 1:19:55]} 11. Na3 {[%clk 1:22:00]} Nd5
{[%clk 1:15:45]} 12. Qd2 {[%clk 1:20:25]} b6 {[%clk 1:15:48]} 13. Nxc4
{[%clk 1:19:18]} Ba6 {[%clk 1:15:58]} 14. Rc1 {[%clk 1:19:07]} O-O
{[%clk 1:14:31]} 15. O-O {[%clk 1:18:44]} Nb4 {[%clk 1:03:58]} 16. Nfe5
{[%clk 1:12:42]} f6 {[%clk 1:03:19]} 17. Nf3 {[%clk 1:08:32]} Nd7
{[%clk 1:02:07]} 18. Rfd1 {[%clk 1:08:11]} Qe7 {[%clk 0:54:45]} 19. e4
{[%clk 1:03:56]} Na2 {[%clk 0:52:06]} 20. Rc2 {[%clk 1:01:05]} Nb4
{[%clk 0:52:29]} 21. Rcc1 {[%clk 0:59:15]} Na2 {[%clk 0:52:49]} 22. Rc2
{[%clk 0:58:55]} Nb4 {[%clk 0:53:13]} 23. Rcc1 {[%clk 0:53:58]} Na2 1/2-1/2

[Event "World Chess Olympiad 2018"]
[Site "Batumi"]
[Date "2018.10.04"]
[Round "10"]
[Board "2"]
[WhiteFideId "6600247"]
[White "Baules Jorge"]
[BlackFideId "6500331"]
[Black "Valdes Romero Leonardo"]
[Result "1/2-1/2"]
[LiveChessVersion "1.4.8"]
[BlackElo "2398"]
[WhiteElo "2358"]

1. e4 {[%clk 1:30:56]} d6 {[%clk 1:30:54]} 2. d4 {[%clk 1:31:21]} Nf6
{[%clk 1:31:20]} 3. Nc3 {[%clk 1:31:46]} g6 {[%clk 1:31:47]} 4. f4
{[%clk 1:32:11]} Bg7 {[%clk 1:32:12]} 5. Nf3 {[%clk 1:32:36]} O-O
{[%clk 1:28:19]} 6. e5 {[%clk 1:32:39]} dxe5 {[%clk 1:27:45]} 7. fxe5
{[%clk 1:33:06]} Nd5 {[%clk 1:26:51]} 8. Bc4 {[%clk 1:33:16]} Nb6
{[%clk 1:26:01]} 9. Bb3 {[%clk 1:32:50]} Nc6 {[%clk 1:26:25]} 10. O-O
{[%clk 1:27:05]} Na5 {[%clk 1:22:14]} 11. Qe2 {[%clk 1:11:30]} Bg4
{[%clk 1:17:31]} 12. Be3 {[%clk 1:09:55]} Nxb3 {[%clk 1:17:41]} 13. axb3
{[%clk 1:10:18]} Nd5 {[%clk 1:17:54]} 14. Ne4 {[%clk 1:04:59]} f6
{[%clk 1:01:24]} 15. c4 {[%clk 0:59:02]} fxe5 {[%clk 0:43:20]} 16. cxd5
{[%clk 0:57:55]} exd4 {[%clk 0:43:44]} 17. Bd2 {[%clk 0:34:35]} Qxd5
{[%clk 0:41:01]} 18. Ra5 {[%clk 0:34:47]} Qxb3 {[%clk 0:35:44]} 19. Rb5
{[%clk 0:35:06]} d3 {[%clk 0:25:21]} 20. Rxb3 {[%clk 0:35:29]} dxe2
{[%clk 0:25:47]} 21. Re1 {[%clk 0:35:44]} Be6 {[%clk 0:25:28]} 22. Rxb7
{[%clk 0:28:45]} Bd5 {[%clk 0:24:11]} 23. Rb4 {[%clk 0:29:10]} a5
{[%clk 0:23:33]} 24. Ra4 {[%clk 0:29:31]} Bc6 {[%clk 0:22:00]} 25. Rc4
{[%clk 0:29:33]} Bd5 {[%clk 0:22:25]} 26. Ra4 {[%clk 0:29:41]} Bc6
{[%clk 0:20:49]} 27. Rc4 {[%clk 0:30:00]} Bd5 {[%clk 0:21:13]} 28. Ra4 1/2-1/2

[Event "World Chess Olympiad 2018"]
[Site "Batumi"]
[Date "2018.10.04"]
[Round "10"]
[Board "3"]
[WhiteFideId "6500170"]
[White "Gonzalez Acosta Bernal"]
[BlackFideId "6600913"]
[Black "Leon Orlando"]
[Result "1-0"]
[LiveChessVersion "1.4.8"]
[BlackElo "2196"]
[WhiteElo "2452"]

1. c4 {[%clk 1:30:57]} c6 {[%clk 1:30:17]} 2. Nf3 {[%clk 1:31:22]} d5
{[%clk 1:30:31]} 3. e3 {[%clk 1:31:49]} Nf6 {[%clk 1:30:34]} 4. Nc3
{[%clk 1:32:16]} g6 {[%clk 1:23:29]} 5. d4 {[%clk 1:32:27]} Bg7 {[%clk 1:23:43]}
6. Be2 {[%clk 1:32:54]} O-O {[%clk 1:23:33]} 7. O-O {[%clk 1:33:20]} Nbd7
{[%clk 1:07:01]} 8. cxd5 {[%clk 1:27:06]} Nxd5 {[%clk 1:04:55]} 9. Nxd5
{[%clk 1:17:43]} cxd5 {[%clk 1:05:22]} 10. Qb3 {[%clk 1:18:11]} Nf6
{[%clk 0:52:36]} 11. Bd2 {[%clk 1:11:22]} Ne4 {[%clk 0:44:34]} 12. Bb4
{[%clk 1:10:20]} Bg4 {[%clk 0:38:15]} 13. h3 {[%clk 1:08:25]} Bxf3
{[%clk 0:35:57]} 14. Bxf3 {[%clk 1:07:39]} Qd7 {[%clk 0:31:20]} 15. Qa3
{[%clk 0:57:07]} Rfe8 {[%clk 0:26:59]} 16. Rfd1 {[%clk 0:50:44]} e6
{[%clk 0:26:48]} 17. Rac1 {[%clk 0:50:19]} a6 {[%clk 0:26:49]} 18. Bxe4
{[%clk 0:36:50]} dxe4 {[%clk 0:27:12]} 19. Qb3 {[%clk 0:37:18]} Rac8
{[%clk 0:26:31]} 20. Rc3 {[%clk 0:37:45]} Rc6 {[%clk 0:26:18]} 21. Qc2
{[%clk 0:37:07]} Rxc3 {[%clk 0:21:37]} 22. bxc3 {[%clk 0:37:33]} Qc6
{[%clk 0:21:01]} 23. c4 {[%clk 0:36:58]} Rc8 {[%clk 0:21:09]} 24. Rc1
{[%clk 0:36:23]} b5 {[%clk 0:20:33]} 25. c5 {[%clk 0:36:36]} e5 {[%clk 0:19:14]}
26. d5 {[%clk 0:34:40]} Qxd5 {[%clk 0:19:33]} 27. c6 {[%clk 0:35:08]} Bf8
{[%clk 0:17:17]} 28. Rd1 {[%clk 0:32:15]} Qe6 {[%clk 0:07:33]} 29. Bxf8
{[%clk 0:32:40]} Kxf8 {[%clk 0:07:51]} 30. Qc5+ {[%clk 0:32:27]} Qe7
{[%clk 0:06:04]} 31. Rd6 {[%clk 0:32:52]} Rc7 {[%clk 0:04:44]} 32. Kf1
{[%clk 0:29:22]} h5 {[%clk 0:04:12]} 33. Ke2 {[%clk 0:29:29]} Ke8
{[%clk 0:03:23]} 34. Kd2 {[%clk 0:29:12]} Rc8 {[%clk 0:01:03]} 35. Kc3
{[%clk 0:28:04]} a5 {[%clk 0:01:13]} 36. Kb3 {[%clk 0:27:19]} Rc7
{[%clk 0:00:44]} 37. a4 {[%clk 0:26:35]} bxa4+ {[%clk 0:00:46]} 38. Kxa4
{[%clk 0:27:01]} Rc8 {[%clk 0:01:03]} 39. Kxa5 {[%clk 0:21:20]} Rc7
{[%clk 0:00:33]} 40. Kb6 {[%clk 0:50:30]} Rc8 {[%clk 0:30:32]} 41. c7
{[%clk 0:50:22]} Qg5 {[%clk 0:27:22]} 42. Qc6+ {[%clk 0:49:16]} Kf8
{[%clk 0:27:28]} 43. Qd7 {[%clk 0:49:33]} 1-0

[Event "World Chess Olympiad 2018"]
[Site "Batumi"]
[Date "2018.10.04"]
[Round "10"]
[Board "4"]
[WhiteFideId "6100538"]
[White "Ramos Efren Andres"]
[BlackFideId "6504779"]
[Black "Jimenez Garcia Emmanuel"]
[Result "0-1"]
[LiveChessVersion "1.4.8"]
[BlackElo "2290"]
[WhiteElo "2244"]

1. Nf3 {[%clk 1:30:38]} g6 {[%clk 1:30:53]} 2. g3 {[%clk 1:29:45]} Bg7
{[%clk 1:31:17]} 3. d4 {[%clk 1:30:06]} c5 {[%clk 1:29:24]} 4. Bg2
{[%clk 1:27:36]} cxd4 {[%clk 1:29:48]} 5. Nxd4 {[%clk 1:27:50]} Nc6
{[%clk 1:29:52]} 6. Nxc6 {[%clk 1:27:11]} bxc6 {[%clk 1:30:20]} 7. O-O
{[%clk 1:27:11]} h5 {[%clk 1:30:29]} 8. h4 {[%clk 1:24:54]} Nf6 {[%clk 1:29:52]}
9. c4 {[%clk 1:24:50]} O-O {[%clk 1:29:51]} 10. Nc3 {[%clk 1:24:18]} Ng4
{[%clk 1:26:53]} 11. Qc2 {[%clk 1:22:02]} Ba6 {[%clk 1:21:59]} 12. b3
{[%clk 1:21:55]} d5 {[%clk 1:20:36]} 13. cxd5 {[%clk 1:10:16]} cxd5
{[%clk 1:19:18]} 14. Bb2 {[%clk 1:07:45]} d4 {[%clk 1:12:37]} 15. Nd5
{[%clk 1:07:13]} Rc8 {[%clk 0:58:26]} 16. Qd2 {[%clk 1:00:22]} e6
{[%clk 0:56:37]} 17. Nb4 {[%clk 0:57:51]} Qa5 {[%clk 0:56:19]} 18. Rfd1
{[%clk 0:54:55]} Ne3 {[%clk 0:37:03]} 19. Nc6 {[%clk 0:51:24]} Qc7
{[%clk 0:34:53]} 20. fxe3 {[%clk 0:45:36]} dxe3 {[%clk 0:34:47]} 21. Qc2
{[%clk 0:28:28]} Bxb2 {[%clk 0:26:50]} 22. Qxb2 {[%clk 0:27:28]} Qxg3
{[%clk 0:27:18]} 23. Qe5 {[%clk 0:16:04]} Qf2+ {[%clk 0:27:32]} 24. Kh1
{[%clk 0:16:26]} Bxe2 {[%clk 0:26:43]} 25. Ne7+ {[%clk 0:16:14]} Kh7
{[%clk 0:26:55]} 26. Nxg6 {[%clk 0:10:21]} fxg6 {[%clk 0:18:39]} 27. Rd7+
{[%clk 0:10:33]} Rf7 {[%clk 0:19:07]} 28. Rxf7+ {[%clk 0:10:50]} Qxf7
{[%clk 0:19:35]} 29. Qxe3 {[%clk 0:11:09]} Qf6 {[%clk 0:19:35]} 30. Rb1
{[%clk 0:07:43]} Qxh4+ {[%clk 0:19:31]} 31. Kg1 {[%clk 0:08:06]} Qg4
{[%clk 0:15:27]} 32. Re1 {[%clk 0:07:07]} Rc2 {[%clk 0:14:13]} 33. Qxa7+
{[%clk 0:07:24]} Kh6 {[%clk 0:14:35]} 34. Qe3+ {[%clk 0:07:03]} Kg7
{[%clk 0:11:56]} 35. Qa7+ {[%clk 0:07:15]} Kf6 {[%clk 0:11:17]} 36. Qf2+
{[%clk 0:07:16]} Kg5 {[%clk 0:11:28]} 37. Qe3+ {[%clk 0:07:25]} Qf4
{[%clk 0:08:13]} 38. Qxe6 {[%clk 0:05:34]} Qd4+ {[%clk 0:08:20]} 39. Kh2
{[%clk 0:05:24]} Qh4+ {[%clk 0:08:48]} 40. Qh3 {[%clk 0:35:38]} Qxh3+
{[%clk 0:38:06]} 41. Kxh3 {[%clk 0:35:30]} Bg4+ {[%clk 0:36:55]} 42. Kh2
{[%clk 0:35:24]} Bf3 {[%clk 0:36:09]} 43. Rg1 {[%clk 0:29:24]} Rxa2
{[%clk 0:36:27]} 44. b4 {[%clk 0:29:49]} Kf4 {[%clk 0:35:43]} 45. Kh3
{[%clk 0:28:40]} Bxg2+ {[%clk 0:35:28]} 0-1

[Event "World Chess Olympiad 2018"]
[Site "Batumi"]
[Date "2018.10.04"]
[Round "10"]
[Board "1"]
[WhiteFideId "3405400"]
[White "Morovic Fernandez Ivan"]
[BlackFideId "12300675"]
[Black "Kayastha Madan Krishna"]
[Result "1-0"]
[LiveChessVersion "1.4.8"]
[BlackElo "2077"]
[WhiteElo "2501"]

1. d4 {[%clk 1:30:56]} Nf6 {[%clk 1:30:52]} 2. c4 {[%clk 1:31:17]} e6
{[%clk 1:31:12]} 3. Nf3 {[%clk 1:31:37]} b6 {[%clk 1:31:10]} 4. g3
{[%clk 1:31:44]} Ba6 {[%clk 1:31:26]} 5. b3 {[%clk 1:26:54]} Bb7 {[%clk 1:27:21]}
6. Bg2 {[%clk 1:27:04]} Bb4+ {[%clk 1:27:42]} 7. Bd2 {[%clk 1:27:24]} a5
{[%clk 1:27:05]} 8. O-O {[%clk 1:26:53]} d6 {[%clk 1:25:28]} 9. Nc3
{[%clk 1:19:57]} Bxc3 {[%clk 1:12:42]} 10. Bxc3 {[%clk 1:20:23]} Be4
{[%clk 1:13:06]} 11. Re1 {[%clk 1:14:23]} Nbd7 {[%clk 1:11:15]} 12. Bf1
{[%clk 1:10:22]} O-O {[%clk 1:05:06]} 13. Nd2 {[%clk 1:10:40]} Bb7
{[%clk 1:01:20]} 14. e4 {[%clk 1:10:39]} e5 {[%clk 1:00:49]} 15. d5
{[%clk 1:08:10]} Ne8 {[%clk 1:00:47]} 16. Qc2 {[%clk 1:06:12]} f5
{[%clk 1:00:38]} 17. exf5 {[%clk 1:04:09]} Nc5 {[%clk 1:00:39]} 18. Nf3
{[%clk 0:56:10]} Bc8 {[%clk 0:53:19]} 19. Nh4 {[%clk 0:54:42]} Qg5
{[%clk 0:51:38]} 20. Bh3 {[%clk 0:47:35]} Nf6 {[%clk 0:51:06]} 21. Bg2
{[%clk 0:35:08]} Ne8 {[%clk 0:48:27]} 22. a3 {[%clk 0:30:44]} Bxf5
{[%clk 0:43:08]} 23. Nxf5 {[%clk 0:31:11]} Qxf5 {[%clk 0:42:51]} 24. Qxf5
{[%clk 0:31:37]} Rxf5 {[%clk 0:42:49]} 25. b4 {[%clk 0:30:30]} Na4
{[%clk 0:33:28]} 26. Bd2 {[%clk 0:30:33]} Rf8 {[%clk 0:31:15]} 27. Rab1
{[%clk 0:24:54]} axb4 {[%clk 0:29:56]} 28. axb4 {[%clk 0:25:19]} Nf6
{[%clk 0:30:20]} 29. Rec1 {[%clk 0:24:30]} Rab8 {[%clk 0:19:45]} 30. Rc2
{[%clk 0:21:29]} Rfd8 {[%clk 0:18:14]} 31. Ra1 {[%clk 0:19:33]} b5
{[%clk 0:18:30]} 32. cxb5 {[%clk 0:19:57]} Nb6 {[%clk 0:18:25]} 33. Bg5
{[%clk 0:19:22]} Rb7 {[%clk 0:17:20]} 34. Bh3 {[%clk 0:17:07]} h6
{[%clk 0:16:17]} 35. Be6+ {[%clk 0:16:26]} Kf8 {[%clk 0:16:07]} 36. Bxf6
{[%clk 0:16:47]} gxf6 {[%clk 0:16:36]} 37. Rac1 {[%clk 0:14:20]} Na8
{[%clk 0:16:52]} 38. Rc4 {[%clk 0:14:24]} Rxb5 {[%clk 0:10:43]} 39. Rg4
{[%clk 0:14:46]} h5 {[%clk 0:06:42]} 40. Rg8+ {[%clk 0:43:51]} Ke7
{[%clk 0:37:11]} 41. Rg7+ {[%clk 0:43:27]} Ke8 {[%clk 0:36:49]} 42. Rc4
{[%clk 0:42:30]} Kf8 {[%clk 0:32:49]} 43. Rf7+ {[%clk 0:42:51]} 1-0

[Event "World Chess Olympiad 2018"]
[Site "Batumi"]
[Date "2018.10.04"]
[Round "10"]
[Board "2"]
[WhiteFideId "12303135"]
[White "Thing Bibek"]
[BlackFideId "3409350"]
[Black "Henriquez Villagra Cristobal"]
[Result "0-1"]
[LiveChessVersion "1.4.8"]
[BlackElo "2519"]
[WhiteElo "2237"]

1. e4 {[%clk 1:30:08]} c5 {[%clk 1:30:58]} 2. c3 {[%clk 1:29:36]} Nf6
{[%clk 1:31:23]} 3. e5 {[%clk 1:29:47]} Nd5 {[%clk 1:31:49]} 4. Nf3
{[%clk 1:29:50]} e6 {[%clk 1:32:11]} 5. g3 {[%clk 1:29:39]} b6 {[%clk 1:24:08]}
6. Bg2 {[%clk 1:29:33]} Ba6 {[%clk 1:24:21]} 7. d3 {[%clk 1:27:58]} Nc6
{[%clk 1:24:39]} 8. O-O {[%clk 1:24:21]} Be7 {[%clk 1:25:04]} 9. b3
{[%clk 1:19:41]} Nc7 {[%clk 1:20:05]} 10. Bb2 {[%clk 1:18:51]} d5
{[%clk 1:19:14]} 11. Re1 {[%clk 1:12:44]} f5 {[%clk 1:12:33]} 12. exf6
{[%clk 1:11:04]} Bxf6 {[%clk 1:12:55]} 13. d4 {[%clk 1:10:46]} O-O
{[%clk 1:12:52]} 14. Na3 {[%clk 1:07:04]} Qd6 {[%clk 1:07:02]} 15. Nc2
{[%clk 1:01:56]} g6 {[%clk 1:01:23]} 16. Bc1 {[%clk 0:53:24]} Bg7
{[%clk 0:59:22]} 17. a4 {[%clk 0:43:53]} Rae8 {[%clk 0:51:21]} 18. b4
{[%clk 0:36:56]} cxb4 {[%clk 0:45:46]} 19. cxb4 {[%clk 0:37:04]} b5
{[%clk 0:46:12]} 20. Bf4 {[%clk 0:36:15]} Rxf4 {[%clk 0:44:32]} 21. gxf4
{[%clk 0:36:36]} Qxf4 {[%clk 0:44:51]} 22. Qc1 {[%clk 0:33:22]} Qd6
{[%clk 0:45:03]} 23. Qd2 {[%clk 0:27:29]} bxa4 {[%clk 0:42:39]} 24. Rxa4
{[%clk 0:25:59]} Bc4 {[%clk 0:41:15]} 25. Raa1 {[%clk 0:22:18]} Nb5
{[%clk 0:39:52]} 26. Bh3 {[%clk 0:13:34]} Re7 {[%clk 0:32:41]} 27. Qe3
{[%clk 0:07:26]} e5 {[%clk 0:31:42]} 28. dxe5 {[%clk 0:04:09]} Nxe5
{[%clk 0:32:08]} 29. Rad1 {[%clk 0:03:49]} Bh6 {[%clk 0:24:25]} 30. Qxe5
{[%clk 0:02:23]} Rxe5 {[%clk 0:24:51]} 31. Rxe5 {[%clk 0:02:08]} Nc7
{[%clk 0:23:31]} 32. Rde1 {[%clk 0:01:45]} Bd3 {[%clk 0:22:47]} 33. Be6+
{[%clk 0:00:38]} Kh8 {[%clk 0:22:42]} 34. Ncd4 {[%clk 0:00:33]} Be4
{[%clk 0:22:34]} 35. R5xe4 {[%clk 0:00:31]} dxe4 {[%clk 0:22:59]} 36. Rxe4
{[%clk 0:00:59]} Qxb4 {[%clk 0:21:43]} 37. Kg2 {[%clk 0:00:35]} Bg7
{[%clk 0:21:09]} 38. Rf4 {[%clk 0:00:32]} g5 {[%clk 0:05:29]} 39. Re4
{[%clk 0:00:34]} h5 {[%clk 0:05:39]} 40. h3 {[%clk 0:30:32]} Nxe6
{[%clk 0:33:41]} 41. Rxe6 {[%clk 0:28:57]} Bxd4 {[%clk 0:30:44]} 42. Re4
{[%clk 0:28:47]} Qb7 {[%clk 0:30:59]} 43. Rxd4 {[%clk 0:28:46]} a5
{[%clk 0:31:24]} 44. Kg3 {[%clk 0:26:44]} Qc7+ {[%clk 0:31:48]} 45. Kg2
{[%clk 0:27:05]} Qc6 {[%clk 0:32:09]} 46. Kg3 {[%clk 0:24:19]} a4
{[%clk 0:32:24]} 47. Nxg5 {[%clk 0:23:41]} a3 {[%clk 0:30:53]} 48. Rd2
{[%clk 0:20:04]} h4+ {[%clk 0:29:01]} 49. Kg4 {[%clk 0:16:44]} a2
{[%clk 0:28:25]} 50. Rxa2 {[%clk 0:14:27]} Qc4+ {[%clk 0:28:52]} 51. f4
{[%clk 0:14:52]} Qxa2 {[%clk 0:29:18]} 52. Kxh4 {[%clk 0:15:17]} Kg7
{[%clk 0:29:36]} 53. Kg4 {[%clk 0:15:30]} Qg2+ {[%clk 0:29:17]} 54. Kh5
{[%clk 0:15:33]} Kf6 {[%clk 0:29:17]} 55. Kh6 {[%clk 0:15:47]} Kf5
{[%clk 0:29:51]} 0-1

[Event "World Chess Olympiad 2018"]
[Site "Batumi"]
[Date "2018.10.04"]
[Round "10"]
[Board "3"]
[WhiteFideId "3406903"]
[White "Garcia Cardenas Pablo"]
[BlackFideId "12300870"]
[Black "Jaiswal Rupesh"]
[Result "1-0"]
[LiveChessVersion "1.4.8"]
[BlackElo "2165"]
[WhiteElo "2444"]

1. d4 {[%clk 1:30:57]} Nf6 {[%clk 1:30:55]} 2. c4 {[%clk 1:31:22]} g6
{[%clk 1:31:22]} 3. Nc3 {[%clk 1:31:48]} d5 {[%clk 1:31:47]} 4. cxd5
{[%clk 1:32:01]} Nxd5 {[%clk 1:32:11]} 5. e4 {[%clk 1:32:28]} Nxc3
{[%clk 1:32:35]} 6. bxc3 {[%clk 1:32:54]} Bg7 {[%clk 1:32:59]} 7. Be3
{[%clk 1:33:20]} O-O {[%clk 1:33:16]} 8. Nf3 {[%clk 1:32:59]} c5 {[%clk 1:33:26]}
9. Be2 {[%clk 1:33:23]} Nc6 {[%clk 1:31:36]} 10. O-O {[%clk 1:21:47]} cxd4
{[%clk 1:29:56]} 11. cxd4 {[%clk 1:22:11]} Bg4 {[%clk 1:29:58]} 12. d5
{[%clk 1:13:35]} Bxa1 {[%clk 1:27:43]} 13. Qxa1 {[%clk 1:14:00]} Na5
{[%clk 1:27:14]} 14. Bh6 {[%clk 1:11:27]} f6 {[%clk 1:26:54]} 15. h3
{[%clk 1:10:16]} Bxf3 {[%clk 1:13:28]} 16. Bxf3 {[%clk 1:09:03]} Rf7
{[%clk 1:09:57]} 17. Bg4 {[%clk 1:04:40]} f5 {[%clk 1:01:48]} 18. exf5
{[%clk 1:03:56]} gxf5 {[%clk 0:59:32]} 19. Bh5 {[%clk 1:02:41]} Rf6
{[%clk 0:55:38]} 20. Bg5 {[%clk 1:02:56]} Qxd5 {[%clk 0:54:50]} 21. Bxf6
{[%clk 0:54:14]} exf6 {[%clk 0:47:46]} 22. Qxf6 {[%clk 0:54:01]} Rf8
{[%clk 0:47:03]} 23. Qc3 {[%clk 0:46:59]} b6 {[%clk 0:40:30]} 24. Qg3+
{[%clk 0:34:23]} Kh8 {[%clk 0:38:53]} 25. Qc3+ {[%clk 0:34:24]} Kg8
{[%clk 0:39:04]} 26. Rd1 {[%clk 0:34:39]} Qc6 {[%clk 0:30:33]} 27. Qg3+
{[%clk 0:33:41]} Kh8 {[%clk 0:31:00]} 28. Qe5+ {[%clk 0:32:33]} Qf6
{[%clk 0:29:29]} 29. Qc7 {[%clk 0:32:55]} Nc6 {[%clk 0:25:04]} 30. Rd7
{[%clk 0:27:30]} Qa1+ {[%clk 0:22:37]} 31. Bd1 {[%clk 0:26:55]} Ne7
{[%clk 0:19:37]} 32. Kh2 {[%clk 0:19:56]} Rf7 {[%clk 0:15:32]} 33. Rxe7
{[%clk 0:20:12]} Rxe7 {[%clk 0:15:42]} 34. Qxe7 {[%clk 0:20:38]} 1-0

[Event "World Chess Olympiad 2018"]
[Site "Batumi"]
[Date "2018.10.04"]
[Round "10"]
[Board "4"]
[WhiteFideId "12300403"]
[White "Rajbhandari Rijendra"]
[BlackFideId "3401294"]
[Black "Valenzuela Fuentealba Luis"]
[Result "0-1"]
[LiveChessVersion "1.4.8"]
[BlackElo "2443"]
[WhiteElo "1937"]

1. d4 {[%clk 1:30:52]} Nf6 {[%clk 1:30:43]} 2. c4 {[%clk 1:31:05]} g6
{[%clk 1:30:44]} 3. g3 {[%clk 1:31:11]} Bg7 {[%clk 1:30:40]} 4. Bg2
{[%clk 1:31:19]} d5 {[%clk 1:30:46]} 5. cxd5 {[%clk 1:31:10]} Nxd5
{[%clk 1:28:35]} 6. Nf3 {[%clk 1:31:22]} Nb6 {[%clk 1:28:42]} 7. Nc3
{[%clk 1:31:16]} Nc6 {[%clk 1:26:36]} 8. e3 {[%clk 1:30:44]} O-O {[%clk 1:25:26]}
9. O-O {[%clk 1:31:02]} Re8 {[%clk 1:25:44]} 10. Re1 {[%clk 1:30:12]} a5
{[%clk 1:25:53]} 11. b3 {[%clk 1:17:52]} e5 {[%clk 1:20:00]} 12. Nxe5
{[%clk 1:06:27]} Nxe5 {[%clk 1:17:53]} 13. dxe5 {[%clk 1:03:29]} Bxe5
{[%clk 1:18:14]} 14. Bb2 {[%clk 1:03:48]} c6 {[%clk 1:18:11]} 15. Qe2
{[%clk 0:59:05]} Qe7 {[%clk 1:06:24]} 16. Rad1 {[%clk 0:56:32]} Be6
{[%clk 0:33:30]} 17. f4 {[%clk 0:46:55]} Bg7 {[%clk 0:33:42]} 18. Ne4
{[%clk 0:47:11]} Bg4 {[%clk 0:30:52]} 19. Qc2 {[%clk 0:45:59]} Bxd1
{[%clk 0:30:11]} 20. Rxd1 {[%clk 0:46:27]} Rad8 {[%clk 0:24:18]} 21. Bxg7
{[%clk 0:46:19]} Kxg7 {[%clk 0:25:04]} 22. Qc3+ {[%clk 0:41:48]} f6 23. Qxa5
{[%clk 0:41:42]} Rxd1+ {[%clk 0:25:15]} 0-1

[Event "World Chess Olympiad 2018"]
[Site "Batumi"]
[Date "2018.10.04"]
[Round "10"]
[Board "1"]
[WhiteFideId "13800574"]
[White "Tologontegin Semetey"]
[BlackFideId "14117908"]
[Black "Kovalenko Igor"]
[Result "0-1"]
[LiveChessVersion "1.4.8"]
[BlackElo "2646"]
[WhiteElo "2419"]

1. d4 {[%clk 1:30:57]} Nf6 {[%clk 1:30:56]} 2. Nf3 {[%clk 1:31:17]} c6
{[%clk 1:30:56]} 3. g3 {[%clk 1:28:49]} g6 {[%clk 1:30:59]} 4. Bg2
{[%clk 1:29:03]} Bg7 {[%clk 1:31:26]} 5. O-O {[%clk 1:28:55]} O-O
{[%clk 1:31:50]} 6. Nbd2 {[%clk 1:25:35]} d5 {[%clk 1:28:47]} 7. c3
{[%clk 1:25:47]} a5 {[%clk 1:28:30]} 8. a4 {[%clk 1:21:51]} Na6 {[%clk 1:28:29]}
9. b3 {[%clk 1:12:51]} c5 {[%clk 1:28:01]} 10. Ba3 {[%clk 1:12:50]} b6
{[%clk 1:28:01]} 11. Rc1 {[%clk 1:08:52]} Bb7 {[%clk 1:23:44]} 12. e3
{[%clk 1:01:31]} Rc8 {[%clk 1:22:55]} 13. Qe2 {[%clk 1:01:29]} Re8
{[%clk 1:22:01]} 14. Rfd1 {[%clk 1:01:15]} e6 {[%clk 1:18:52]} 15. Ne5
{[%clk 0:40:04]} Qc7 {[%clk 1:13:16]} 16. f4 {[%clk 0:37:21]} Nd7
{[%clk 1:10:59]} 17. Nef3 {[%clk 0:29:08]} Qb8 {[%clk 1:08:47]} 18. g4
{[%clk 0:17:50]} Bf8 {[%clk 1:07:45]} 19. Ne5 {[%clk 0:13:38]} Rcd8
{[%clk 1:06:57]} 20. Nxd7 {[%clk 0:10:47]} Rxd7 {[%clk 1:07:23]} 21. Nf3
{[%clk 0:10:35]} Rc7 {[%clk 0:59:10]} 22. Qb5 {[%clk 0:09:12]} cxd4
{[%clk 0:54:20]} 23. Bxf8 {[%clk 0:09:36]} Rxf8 {[%clk 0:54:48]} 24. exd4
{[%clk 0:08:13]} Re7 {[%clk 0:53:30]} 25. Ne5 {[%clk 0:08:09]} Qd6
{[%clk 0:53:57]} 26. Qe2 {[%clk 0:06:55]} f6 {[%clk 0:54:07]} 27. Nd3
{[%clk 0:07:23]} Nb8 {[%clk 0:54:29]} 28. Qe3 {[%clk 0:07:27]} Nc6
{[%clk 0:53:16]} 29. Rd2 {[%clk 0:07:05]} Ba6 {[%clk 0:53:33]} 30. Ne1
{[%clk 0:07:03]} h6 {[%clk 0:53:13]} 31. h4 {[%clk 0:06:57]} h5 {[%clk 0:51:00]}
32. gxh5 {[%clk 0:07:23]} gxh5 {[%clk 0:51:30]} 33. Bf3 {[%clk 0:07:30]} Rh7
{[%clk 0:51:33]} 34. Rg2+ {[%clk 0:07:31]} Kh8 {[%clk 0:51:53]} 35. Rd1
{[%clk 0:07:14]} Ne7 {[%clk 0:52:13]} 36. Rh2 {[%clk 0:06:15]} Nf5
{[%clk 0:52:07]} 37. Qd2 {[%clk 0:06:44]} Rg8+ {[%clk 0:52:28]} 38. Kf2
{[%clk 0:07:07]} Qc7 {[%clk 0:52:24]} 39. Ng2 {[%clk 0:07:15]} Rg3
{[%clk 0:51:48]} 40. Rdh1 {[%clk 0:36:24]} Qg7 {[%clk 1:18:40]} 41. Rh3
{[%clk 0:34:38]} Qg6 {[%clk 1:17:00]} 42. R1h2 {[%clk 0:25:44]} Rg7
{[%clk 1:17:14]} 43. Qe1 {[%clk 0:24:03]} Bd3 {[%clk 1:13:17]} 44. Kg1
{[%clk 0:16:48]} Kh7 {[%clk 1:08:30]} 45. Rxg3 {[%clk 0:10:41]} Nxg3
{[%clk 1:08:49]} 46. Qxe6 {[%clk 0:10:26]} Be2 {[%clk 1:09:04]} 47. Bxe2
{[%clk 0:07:26]} Qb1+ {[%clk 1:09:31]} 48. Bd1 {[%clk 0:04:30]} Qxd1+
{[%clk 1:09:56]} 49. Qe1 {[%clk 0:04:56]} Qf3 {[%clk 1:09:24]} 50. c4
{[%clk 0:04:16]} dxc4 {[%clk 1:09:46]} 51. bxc4 {[%clk 0:04:42]} Ne2+
{[%clk 1:10:08]} 52. Kh1 {[%clk 0:05:00]} Re7 {[%clk 1:08:39]} 53. Qb1+
{[%clk 0:05:00]} Kh6 {[%clk 1:08:34]} 54. d5 {[%clk 0:04:38]} Ng3+
{[%clk 1:08:44]} 55. Kg1 {[%clk 0:05:03]} Re2 {[%clk 1:09:11]} 0-1